| 000 | 01226nam0a2200301 4500 | ||
|---|---|---|---|
| 001 | RU\NLR\BIBL_A\011809560 | ||
| 005 | 20190402161507.0 | ||
| 010 |
_a978-5-907078-01-7 _9500 |
||
| 021 |
_aRU _bКН-П-18-065227 _9КН-П-18-4698 |
||
| 035 | _a(NLR Aleph) 011809560 | ||
| 035 | _a(RuMoRGB)009733983 | ||
| 090 |
_a11910704 _c11910704 |
||
| 100 | _a20181004d2018 k y0rusy50 ca | ||
| 101 | 0 | _arus | |
| 102 | _aRU | ||
| 105 | _ay|||z|||000zy | ||
| 200 | 1 |
_aСимфония войны: частные военные компании и наёмники в современных вооруженных конфликтах _eмонография _fР. В. Надтока |
|
| 210 |
_aСтаврополь _cЛогос _d2018 |
||
| 215 |
_a141 с. _d21 |
||
| 320 | _aБиблиогр.: с. 128-141 и в подстроч. примеч. | ||
| 606 | 1 |
_aСолдаты-наёмники _xУчастие в вооруженных конфликтах _2nlr_sh2 _3RU\NLR\AUTH\6601652933 |
|
| 686 | 1 | _aЦ4,5(0)23г | |
| 700 | 1 |
_aНадтока _bР. В. _gРуслан Вугарович |
|
| 942 | _cBOOK | ||
| 980 | _aNBR | ||
| 980 | _aNB | ||